000 00744nam a2200241 4500
003 OSt
005 20240724012649.0
006 a
008 240724b |||||||| |||| 00| 0 eng d
020 _a9780071472272
040 _aDWCL-HMN lib.
_cOC
082 _2Third edition
_aCirc. 612.015 S313 2009
100 _aPhilip W. Kuchel
245 _aSchaums outlines : biochemistry /
250 _aThird edition
260 _aN. Y. :
_bMcGraw-Hill,
_cc2009.
300 _axiii,
_b492p. : ill. ;
_c28cm.
490 _3Schaum’s outline series
504 _aIncludes index.
650 _a1. Biochemistry - Outlines, syllabi, etc.
650 _a2. Biochemistry - Problems, exercises, etc.
942 _2ddc
_n0
_cBK-CIRC
_eThird edition
_kCirc.
999 _c2633
_d2633